| 000 | 00632nam a2200241Ia 4500 | ||
|---|---|---|---|
| 003 | OSt | ||
| 005 | 20220918190541.0 | ||
| 006 | a|||||r|||| 00| 0 | ||
| 007 | ta | ||
| 008 | 220917b |||||||| |||| 00| 0 eng d | ||
| 024 | _a57,577 | ||
| 037 | _cTextual | ||
| 040 |
_aARTS _cARTS _beng |
||
| 041 |
_2eng _aeng |
||
| 082 | _aQ11:g(R5), M8 (P15) | ||
| 100 |
_aSastri P S _948499 |
||
| 245 | 0 | _aRigvedic aesthetics | |
| 260 |
_aDelhi _bBhartiva Vidya prakashan _c1988 |
||
| 300 |
_a428p,11p _ccm. |
||
| 650 | _aRELIGION | ||
| 942 |
_hQ11:g(R5), M8 (P15) _cTEXL _2CC |
||
| 999 |
_c185747 _d185747 |
||